Loading...
| History - World History | 0 | 3 | 1 | 1 | 25 | 77 | 98.33 | 0 | 2 |
| History - American History | 0 | 3 | 1 | 0 | 25 | 72 | 98.33 | 0 | 3 |
| Geography | 1 | 1 | 0 | 1 | 25 | 47 | 88.50 | 1 | 1 |
| Mythology | 1 | 1 | 0 | 0 | 25 | 60 | 81.50 | 1 | 2 |
| History - European History | 0 | 2 | 0 | 1 | 20 | 83 | 96.50 | 0 | 1 |
| History - Other History | 0 | 2 | 1 | 2 | 15 | 122 | 131.50 | 0 | 1 |
| Religion | 1 | 0 | 0 | 0 | 15 | 68 | 68.00 | 0 | 1 |
| Science - Other Science | 0 | 1 | 0 | 0 | 10 | 121 | 121.00 | 0 | 1 |
| Fine Arts - Other Fine Arts | 0 | 1 | 0 | 0 | 10 | 93 | 93.00 | 1 | 1 |
| Pop Culture | 1 | 0 | 1 | 0 | 10 | 66 | 66.00 | 1 | 1 |
| Science - Biology | 0 | 1 | 1 | 1 | 5 | 121 | 121.00 | 1 | 1 |
| Literature - British Literature | 0 | 0 | 0 | 0 | 0 | 0.00 | 0 | 0 | |
| Social Science | 0 | 0 | 1 | 0 | -5 | 0.00 | 0 | 0 |